| 000 | 00815nam a2200229Ii 4500 | ||
|---|---|---|---|
| 003 | JO-AjNU | ||
| 008 | 230605s9999||||xx |||||||||||||| ||und|| | ||
| 017 | _a1994/11663 | ||
| 020 | _a977-01-4235-2 | ||
| 040 |
_aJO-AjNU _bara _erda _cJO-AjNU |
||
| 041 | _aara | ||
| 050 | 1 | 4 | _aNK5206.Z36 1995 |
| 100 | 3 |
_aزينهم,محمد تأليف/عبد الرحيم,مصطفى مراجعة, _eauthor _917262 |
|
| 245 | 0 | 0 | _aتكنولوجيا فن الزجاج |
| 264 | 3 | 1 | _aالقاهرة:الهيئة المصرية العامة للكتاب,1995 |
| 300 | _a258ص | ||
| 336 |
_atext _btxt _2rdacontent |
||
| 337 |
_aunmediated _bn _2rdamedia |
||
| 338 |
_avolume _bnc _2rdacarrier |
||
| 490 | 0 | _aالألف كتاب الثاني 166 | |
| 650 | 4 |
_aالفن-فن الزجاج-تكنولوجيا فن الزجاج _917263 |
|
| 999 |
_aA5295 _c8863 _d8863 |
||